New Civil Procedure Rules for Landlord and Tenant Act proceedings and for possession proceedings. (Record no. 68145)
[ view plain ]
| 000 -LEADER | |
|---|---|
| fixed length control field | 01109cam a2200229 4500 |
| 001 - CONTROL NUMBER | |
| control field | ABS64396 |
| 008 - FIXED-LENGTH DATA ELEMENTS--GENERAL INFORMATION | |
| fixed length control field | 010904n2001 000 0 eng u |
| 035 ## - SYSTEM CONTROL NUMBER | |
| System control number | (Sirsi) u114420 |
| 245 ## - TITLE STATEMENT | |
| Title | New Civil Procedure Rules for Landlord and Tenant Act proceedings and for possession proceedings. |
| 260 ## - PUBLICATION, DISTRIBUTION, ETC. | |
| Date of publication, distribution, etc. | 2001 |
| 490 ## - SERIES STATEMENT | |
| Series statement | Commercial Leases |
| Volume/sequential designation | 15(7) July 2001, 510-511(2) |
| 520 ## - SUMMARY, ETC. | |
| Summary, etc. | Reports on the new Part 56 Civil Procedure Rules, replacing RSC and CCR (now repealed), which come into effect on 15 October 2001. Part 56 applies to proceedings under the 1954 Act and also the Landlord and Tenant Acts of 1927, 1985 and 1987. Summarises the new procedure and outlines the aim of the changes. Finishes with a brief look at proceedings generally, dealt with by the provision of a new Part 55. |
| 590 ## - LOCAL NOTE (RLIN) | |
| Local note | ABS |
| 650 ## - SUBJECT ADDED ENTRY--TOPICAL TERM | |
| Topical term or geographic name entry element | CIVIL PROCEDURE RULES |
| 650 ## - SUBJECT ADDED ENTRY--TOPICAL TERM | |
| Topical term or geographic name entry element | POSSESSION PROCEEDINGS |
| 650 ## - SUBJECT ADDED ENTRY--TOPICAL TERM | |
| Topical term or geographic name entry element | COMMERCIAL LEASES |
| 650 ## - SUBJECT ADDED ENTRY--TOPICAL TERM | |
| Topical term or geographic name entry element | WOOLF REFORMS |
| 650 ## - SUBJECT ADDED ENTRY--TOPICAL TERM | |
| Topical term or geographic name entry element | CIVIL PROCEDURE RULES PART 55 |
| 650 ## - SUBJECT ADDED ENTRY--TOPICAL TERM | |
| Topical term or geographic name entry element | CIVIL PROCEDURE RULES PART 56 |
| 690 ## - LOCAL SUBJECT ADDED ENTRY--TOPICAL TERM (OCLC, RLIN) | |
| Topical term or geographic name as entry element | LANDLORD AND TENANT-BUSINESS TENANCIES |
| 942 ## - ADDED ENTRY ELEMENTS (KOHA) | |
| Suppress in OPAC | 0 |
| Withdrawn status | Lost status | Source of classification or shelving scheme | Damaged status | Not for loan | Home library | Current library | Shelving location | Date acquired | Total Checkouts | Full call number | Barcode | Date last seen | Copy number | Price effective from | Koha item type |
|---|---|---|---|---|---|---|---|---|---|---|---|---|---|---|---|
| Dewey Decimal Classification | London | London | Journal article | 04/09/2001 | ABS64396 | 114420-1001 | 06/08/2019 | 1 | 06/08/2019 | Journal article |